[Event "Norderstedt op"]
[Site "Norderstedt"]
[Date "2013.04.01"]
[Round "8"]
[White "Gafert, Maik"]
[Black "Ispirjan, Mikael"]
[Result "0-1"]
[WhiteElo "1823"]
[BlackElo "1926"]
[PlyCount "120"]
[EventDate "2013.03.28"]
[EventType "swiss"]
[EventRounds "9"]
[EventCountry "GER"]
[SourceTitle "EXT 2015"]
[Source "ChessBase"]
[SourceDate "2014.11.20"]
[SourceVersion "1"]
[SourceVersionDate "2014.11.20"]
[SourceQuality "1"]

1. e4 c6 2. d4 d5 3. e5 Bf5 4. Bd3 Bxd3 5. Qxd3 e6 6. Nf3 c5 7. c3 Nc6 8. 0-0 Qb6 9. a3 c4 10. Qc2 Nge7 11. Bg5 Nc8 12. Nbd2 Na5 13. Rfb1 h6 14. Be3 Qc7 15. Qa4+ Nc6 16. b4 b5 17. Qc2 Nb6 18. Nf1 Be7 19. Ng3 Na4 20. Nd2 g6 21. f4 Bd8 22. Nh1 h5 23. Nf3 Ne7 24. Bd2 Nf5 25. Nf2 Be7 26. Nd1 0-0 27. Nb2 Nxb2 28. Rxb2 a5 29. Rba2 Qb7 30. Qb2 Ra6 31. Ne1 Rfa8 32. Nc2 Qa7 33. bxa5 Rxa5 34. Nb4 Bxb4 35. Qxb4 Ne7 36. Be3 Nc6 37. Qb2 Qa6 38. Kf2 Ra4 39. Bd2 Na5 40. Bc1 Nb3 41. Rb1 Nxc1 42. Qxc1 Rxa3 43. Rab2 Ra2 44. Ke3 Qa3 45. Qc2 Rxb2 46. Qxb2 Ra4 47. Kd2 Qxb2+ 48. Rxb2 Ra1 49. Ke3 Rd1 50. Ke2 Rd3 51. Rc2 b4 52. cxb4 Rb3 53. Kd2 Rxb4 54. h3 Rb3 55. Rc3 Rxc3 56. Kxc3 Kg7 57. g4 hxg4 58. hxg4 g5 59. f5 exf5 60. gxf5 g4 0-1

[Event "Norderstedt op"]
[Site "Norderstedt"]
[Date "2013.03.31"]
[Round "6"]
[White "Lucas, Michael"]
[Black "Gafert, Maik"]
[Result "1-0"]
[WhiteElo "2086"]
[BlackElo "1823"]
[PlyCount "87"]
[EventDate "2013.03.28"]
[EventType "swiss"]
[EventRounds "9"]
[EventCountry "GER"]
[SourceTitle "EXT 2015"]
[Source "ChessBase"]
[SourceDate "2014.11.20"]
[SourceVersion "1"]
[SourceVersionDate "2014.11.20"]
[SourceQuality "1"]

1. d4 f5 2. Nf3 g6 3. g3 Bg7 4. Bg2 Nf6 5. 0-0 0-0 6. b3 c5 7. Bb2 cxd4 8. Bxd4 Nc6 9. Bb2 b6 10. c4 Qc7 11. Nc3 Bb7 12. Rc1 Ne5 13. Rc2 Nxf3+ 14. Bxf3 Bxf3 15. exf3 d6 16. Qe2 Qd7 17. Rd1 Rad8 18. Rcd2 Rfe8 19. f4 Kf7 20. f3 Qc6 21. Kg2 Rd7 22. Nb5 Qc8 23. Rd3 a6 24. Nc3 Qc6 25. Nd5 Nxd5 26. cxd5 Qb7 27. Qe6+ Kf8 28. Bxg7+ Kxg7 29. g4 fxg4 30. f5 Rf8 31. fxg4 Rf6 32. Qe4 Qc8 33. Rf1 Rc7 34. Rdf3 g5 35. R1f2 Qb7 36. h4 h6 37. hxg5 hxg5 38. Re2 Rh6 39. Qe3 Kf6 40. Qd2 Rc5 41. Re6+ Kf7 42. Rxh6 Rxd5 43. Qxg5 Rd3 44. Qg6+ 1-0

[Event "Norderstedt op"]
[Site "Norderstedt"]
[Date "2013.03.30"]
[Round "4"]
[White "Hein, Jacob"]
[Black "Gafert, Maik"]
[Result "0-1"]
[WhiteElo "1488"]
[BlackElo "1823"]
[PlyCount "54"]
[EventDate "2013.03.28"]
[EventType "swiss"]
[EventRounds "9"]
[EventCountry "GER"]
[SourceTitle "EXT 2015"]
[Source "ChessBase"]
[SourceDate "2014.11.20"]
[SourceVersion "1"]
[SourceVersionDate "2014.11.20"]
[SourceQuality "1"]

1. Nf3 g6 2. e3 Bg7 3. d4 d5 4. Be2 Nf6 5. Nbd2 0-0 6. 0-0 Nbd7 7. c4 c6 8. b4 Re8 9. Qb3 e5 10. dxe5 Nxe5 11. Nxe5 Rxe5 12. Bb2 Re7 13. Rad1 Be6 14. b5 Qe8 15. Ba3 Rc7 16. Bd6 Rd7 17. c5 d4 18. Qa3 dxe3 19. fxe3 Nd5 20. Nf3 Nc3 21. Rd2 Nxe2+ 22. Rxe2 Bc4 23. Ne5 Bxe5 24. Bxe5 Qxe5 25. bxc6 bxc6 26. Ref2 Bxf1 27. Rxf1 Re8 0-1

[Event "Norderstedt op"]
[Site "Norderstedt"]
[Date "2013.03.29"]
[Round "3"]
[White "Gafert, Maik"]
[Black "Niazi, Dariyusch"]
[Result "1/2-1/2"]
[WhiteElo "1823"]
[BlackElo "1782"]
[PlyCount "109"]
[EventDate "2013.03.28"]
[EventType "swiss"]
[EventRounds "9"]
[EventCountry "GER"]
[SourceTitle "EXT 2015"]
[Source "ChessBase"]
[SourceDate "2014.11.20"]
[SourceVersion "1"]
[SourceVersionDate "2014.11.20"]
[SourceQuality "1"]

1. e4 c6 2. c4 d5 3. exd5 cxd5 4. d4 Nf6 5. c5 e6 6. Nf3 Nc6 7. Bb5 Bd7 8. 0-0 Be7 9. Nc3 0-0 10. Bf4 Nh5 11. Be3 Rc8 12. Bxc6 Bxc6 13. Ne5 Nf6 14. Nxc6 Rxc6 15. b4 a6 16. a4 Ne4 17. Nxe4 dxe4 18. b5 Rc8 19. Qe2 Ra8 20. Rfd1 Qd5 21. Rac1 axb5 22. Qxb5 Qc6 23. Rb1 Rfd8 24. Qxb7 Qxb7 25. Rxb7 Bxc5 26. Rdb1 Bxd4 27. Bxd4 Rxd4 28. Rb8+ Rd8 29. Rxd8+ Rxd8 30. Kf1 Kf8 31. Rb7 Rd2 32. a5 Ra2 33. Ra7 g6 34. g4 g5 35. a6 e3 36. fxe3 Rxh2 37. Rb7 Ra2 38. a7 Kg7 39. e4 Kf6 40. Rc7 h6 41. Rb7 Ke5 42. Rxf7 Kxe4 43. Rf6 Rxa7 44. Rxe6+ Kf3 45. Rf6+ Kxg4 46. Rxh6 Rg7 47. Kg2 Kf5 48. Ra6 Kg4 49. Ra4+ Kh5 50. Kg3 Rb7 51. Ra3 Rb4 52. Rc3 Rg4+ 53. Kh3 Rg1 54. Kh2 Rf1 55. Kg3 1/2-1/2

[Event "Lueneburg distr-chA"]
[Site "Winsen/Luhe"]
[Date "2011.10.17"]
[Round "4.3"]
[White "Grimm, Uwe"]
[Black "Gafert, Maik"]
[Result "1/2-1/2"]
[WhiteElo "2193"]
[BlackElo "1794"]
[PlyCount "99"]
[EventDate "2011.10.??"]
[EventType "swiss"]
[EventRounds "9"]
[EventCountry "GER"]
[SourceTitle "EXT 2013"]
[Source "ChessBase"]
[SourceDate "2012.11.22"]
[SourceVersion "1"]
[SourceVersionDate "2012.11.22"]
[SourceQuality "1"]

1. f4 d5 2. Nf3 Nf6 3. e3 g6 4. b3 Bg7 5. Bb2 0-0 6. Be2 c5 7. 0-0 Nc6 8. Bb5 Bd7 9. Bxc6 Bxc6 10. Ne5 Bb5 11. d3 Nd7 12. Nd2 Nxe5 13. fxe5 Qc7 14. a4 Bd7 15. Nf3 Bg4 16. d4 cxd4 17. exd4 Rac8 18. c3 Qb6 19. Kh1 f6 20. exf6 Rxf6 21. b4 Rcf8 22. Qd3 Bxf3 23. Rxf3 Rxf3 24. gxf3 Qf6 25. Rf1 Bh6 26. Qe2 Bf4 27. b5 Rc8 28. a5 Kf7 29. Re1 Rc7 30. Ba3 b6 31. axb6 axb6 32. Bb4 e6 33. Ra1 Qd8 34. Qg2 h5 35. Rg1 Qf6 36. Ra1 Qd8 37. Ra6 Rb7 38. Qa2 Qh4 39. Qe2 Qd8 40. Ra1 Rd7 41. Qc2 Rb7 42. Qe2 Rd7 43. Ra6 Rb7 44. c4 dxc4 45. Qe4 Qc7 46. d5 exd5 47. Qxd5+ Kg7 48. Bc3+ Kh6 49. Ra8 Rb8 50. Rxb8 1/2-1/2

[Event "Lueneburg distr-chA"]
[Site "Winsen/Luhe"]
[Date "2011.10.17"]
[Round "3.2"]
[White "Urbanek, Paul Gerhard"]
[Black "Gafert, Maik"]
[Result "1/2-1/2"]
[WhiteElo "2013"]
[BlackElo "1794"]
[PlyCount "105"]
[EventDate "2011.10.??"]
[EventType "swiss"]
[EventRounds "9"]
[EventCountry "GER"]
[SourceTitle "EXT 2013"]
[Source "ChessBase"]
[SourceDate "2012.11.22"]
[SourceVersion "1"]
[SourceVersionDate "2012.11.22"]
[SourceQuality "1"]

1. e4 e5 2. Nf3 Nc6 3. Bb5 Nf6 4. 0-0 d6 5. d4 exd4 6. Nxd4 Bd7 7. Nxc6 bxc6 8. Ba4 Be7 9. f3 0-0 10. Be3 c5 11. c4 Rb8 12. Bxd7 Nxd7 13. Qc2 Bf6 14. Nc3 g6 15. Rad1 Bg7 16. b3 Qc8 17. Nd5 Re8 18. Bg5 f6 19. Bh4 Kf7 20. Bg3 Ne5 21. Qc3 Rb7 22. Bxe5 Rxe5 23. Qd3 Qe8 24. f4 Re6 25. f5 Re5 26. fxg6+ hxg6 27. Qf3 Qe6 28. Nf4 Qe7 29. Nd3 Re6 30. e5 Rb8 31. exf6 Rxf6 32. Qd5+ Qe6 33. Qxe6+ Kxe6 34. Nf4+ Kd7 35. Nd5 Rf5 36. Rxf5 gxf5 37. Kf2 Rd8 38. Rd3 c6 39. Ne3 Bd4 40. Kf3 Bxe3 41. Kxe3 Rh8 42. h3 Rh4 43. Rd2 Ke6 44. Kf2 d5 45. Rc2 d4 46. Re2+ Kd6 47. Re8 Rh7 48. Rd8+ Ke5 49. Rc8 Kd6 50. Kf3 Re7 51. Rg8 Re3+ 52. Kf2 Rc3 53. Re8 1/2-1/2

[Event "Lueneburg distr-chA"]
[Site "Winsen/Luhe"]
[Date "2011.10.16"]
[Round "2.6"]
[White "Gafert, Maik"]
[Black "Ehrlich, Sven"]
[Result "1-0"]
[WhiteElo "1794"]
[BlackElo "1915"]
[PlyCount "105"]
[EventDate "2011.10.??"]
[EventType "swiss"]
[EventRounds "9"]
[EventCountry "GER"]
[SourceTitle "EXT 2013"]
[Source "ChessBase"]
[SourceDate "2012.11.22"]
[SourceVersion "1"]
[SourceVersionDate "2012.11.22"]
[SourceQuality "1"]

1. e4 d6 2. d4 Nf6 3. Nc3 e5 4. dxe5 dxe5 5. Qxd8+ Kxd8 6. Bc4 Ke8 7. Nf3 Bd6 8. Bg5 Nbd7 9. 0-0-0 h6 10. Bh4 g5 11. Bg3 a6 12. a4 Nh5 13. Rhf1 Nf4 14. Bxf4 exf4 15. e5 Nxe5 16. Rfe1 f6 17. Ne4 Ke7 18. Nxd6 cxd6 19. Bd5 Kd8 20. Nxe5 fxe5 21. Rxe5 dxe5 22. Bxb7+ Kc7 23. Bxa8 Bg4 24. Bf3 Bxf3 25. gxf3 h5 26. h3 Rg8 27. Rd5 e4 28. fxe4 g4 29. hxg4 hxg4 30. Rd1 g3 31. fxg3 fxg3 32. Rg1 Kd6 33. Kd2 Ke5 34. Ke3 Rg4 35. Kf3 Rxe4 36. b3 Rf4+ 37. Kxg3 Rf6 38. Rh1 Kd4 39. Rh4+ Kc3 40. Rc4+ Kb2 41. Kg4 Rf2 42. Rc6 Ka3 43. Rxa6 Rxc2 44. Rb6 Rf2 45. a5 Rf8 46. a6 Rg8+ 47. Kf5 Rf8+ 48. Ke5 Re8+ 49. Kd5 Rh8 50. a7 Rh5+ 51. Kc6 Rh6+ 52. Kb7 Rh7+ 53. Ka6 1-0

[Event "GER North-chT U16"]
[Site "Verden an der Aller"]
[Date "2008.09.14"]
[Round "6.1"]
[White "Colpe, Malte"]
[Black "Gafert, Maik"]
[Result "1/2-1/2"]
[WhiteElo "2090"]
[BlackElo "1597"]
[PlyCount "70"]
[EventDate "2008.09.12"]
[EventType "team-swiss"]
[EventRounds "6"]
[EventCountry "GER"]
[SourceTitle "EXT 2011"]
[Source "ChessBase"]
[SourceDate "2010.11.26"]
[SourceVersion "1"]
[SourceVersionDate "2010.11.26"]
[SourceQuality "1"]
[WhiteTeam "Hamburger SK"]
[BlackTeam "Stade"]
[WhiteTeamCountry "GER"]
[BlackTeamCountry "GER"]

1. d4 f5 2. Bg5 h6 3. Bh4 g5 4. e4 Bg7 5. exf5 gxh4 6. Qh5+ Kf8 7. Nf3 Nf6 8. Qxh4 d6 9. Bd3 Qe8 10. g4 Bd7 11. Nc3 Bc6 12. Qg3 Bxf3 13. Qxf3 Qc6 14. d5 Qc5 15. 0-0-0 Nbd7 16. h3 c6 17. Qe2 Nxd5 18. Nxd5 Qxd5 19. c3 Qxa2 20. Bc4 Qa5 21. Qe6 Ne5 22. Rhe1 Ke8 23. f4 Rf8 24. fxe5 Bxe5 25. Kc2 Qc5 26. b4 Qf2+ 27. Re2 Qg3 28. Rd3 Qf4 29. Rde3 Rf6 30. Qg8+ Rf8 31. Qg6+ Kd8 32. Qe6 Bf6 33. Rd3 Kc7 34. Re4 Qh2+ 35. Re2 Qf4 1/2-1/2